00608nam a2200157 i 4500001000300000100002100003245012500024260005200149300005300201020001500254040000800269041000800277080002600285008004100311856009800352bg1 aFLEMING, John F. 0aStructural engineering analysis computers :bwith working programs for IBM PC and compatible systems /cJohn F. Fleming. aNew York [i in.] :bMcGraw-Hill Book Co,c1986. aXI, 210 s. :brys., wykr. ;c24 cm +edyskietka. a0070213003 cBPK apol a624:681.322.06:519.68 s pl f |000 0 pol  uhttp://koha.tu.koszalin.pl/cgi-bin/koha/opac-detail.pl?biblionumber=23706yKatalog online BPK